| 000 | 00525nam a2200181Ia 4500 | ||
|---|---|---|---|
| 008 | 240925s9999 xx 000 0 und d | ||
| 020 | _a1566045282 | ||
| 082 | _a005.268 LEI | ||
| 100 | _aLeineckr ,Richard C. | ||
| 245 | 0 | _aVisual C++ 5 Power Toolkit: for windows 95 & windows NT | |
| 250 | _aNA | ||
| 260 |
_aNorth Carolina: _bVentana _c,1997. |
||
| 300 |
_axxii,663p. _bNA _fOriginal |
||
| 500 | _aIncludes Index | ||
| 600 | _aComputer Science | ||
| 650 | _aComputer science, information & general works | ||
| 942 | _cBK | ||
| 999 |
_c4869 _d4869 |
||